000 00598nam a2200217Ia 4500
005 20250425162623.0
008 250425s9999 xx 000 0 und d
041 _aspa
043 _aec
082 _a868
100 _aPEREZ PIMENTEL, RODOLFO
245 0 _aEL ECUADOR PROFUNDO: MITOS, HISTORIAS, LEYENDAS, RECUERDOS, ANECDOTAS Y TRADICIONES DEL PAIS TOMO lll
250 _a2A ED.
260 _aEcuador
_bUNIVERSIDAD DE GUAYAQUIL
_c2001
260 _aGUAYAQUIL
300 _a418
650 _aCOSTUMBRES-ECUADOR
650 _aMITOS Y LEYENDAS-ECUADOR
942 _c01
010 _a90635
999 _c233009
_d233009